| 000 | 00861nam a2200241 i 4500 | ||
|---|---|---|---|
| 001 | bgj | ||
| 100 | 1 | _aUR, Penny. | |
| 245 | 1 | 0 |
_aA Course in language teaching : _bpractice and theory / _cPenny Ur. |
| 260 |
_aCambridge : _bCambridge University Press, _c1996. |
||
| 300 |
_aXIII, 375 pp : _bill. ; _c25 cm. |
||
| 490 | 1 | _aCambridge Teacher Training and Development / Marion Williams and Tony Wright, series ed. | |
| 504 | _aBibliography p. 360-366. | ||
| 505 | _aIncludes index. | ||
| 650 | 9 |
_aLanguage and languages _xStudy and teaching |
|
| 650 | 9 |
_aLanguage teachers _xTraining of |
|
| 830 | 0 | _aCambridge Teacher Training and Development (Marion Williams and Tony Wright, series ed.) | |
| 020 | _a0521449944 (pbk) | ||
| 040 | _cBPK | ||
| 041 | 0 | _aeng | |
| 920 | _a0-521-44994-4 (pbk) | ||
| 942 | _cKS | ||
| 008 | s uk f |000 0 eng | ||
| 999 |
_c48106 _d48106 |
||
| 856 |
_uhttp://koha.tu.koszalin.pl/cgi-bin/koha/opac-detail.pl?biblionumber=48106 _yKatalog online BPK |
||